[Event "Thüringenliga 2025/26"]
[Site "?"]
[Date "2025.10.26"]
[Round "2.8"]
[White "Dreyer, Michael"]
[Black "Fischer, Kay"]
[Result "1/2-1/2"]
[WhiteElo "1945"]
[BlackElo "1865"]
[WhiteFideId "-1"]
[BlackFideId "-1"]
[PlyCount "47"]
[GameId "546725747180"]
[EventDate "2025.09.14"]
[EventType "team-tourn"]
[EventRounds "9"]
[SourceTitle "Thueringer Schachbund"]
[Source "ThSB"]
[SourceDate "2025.09.14"]
[SourceVersion "1"]
[SourceVersionDate "2025.09.14"]
[SourceQuality "1"]
[WhiteTeam "SV Schott Jena"]
[BlackTeam "SV Medizin Erfurt"]

1. e4 e6 2. d4 d5 3. e5 c5 4. c3 Nc6 5. Nf3 Qb6 6. a3 cxd4 7. cxd4 Nh6 8. Nc3 Nf5 9. Na4 Qc7 10. Be2 Be7 11. O-O O-O 12. b4 Bd7 13. Bb2 f6 14. Rc1 Qd8 15. Nc5 fxe5 16. Nxb7 Qb8 17. Nc5 Bxc5 18. Rxc5 e4 19. Ne5 Nxe5 20. dxe5 Rc8 21. Rxc8+ Qxc8 22. Qd2 Qb7 23. Rc1 Rc8 24. Rxc8+ 1/2-1/2

[Event "Landesklasse Ost 2025/26"]
[Site "?"]
[Date "2025.10.26"]
[Round "2.1"]
[White "Koksch, Robert"]
[Black "Liebold, Aaron"]
[Result "0-1"]
[WhiteElo "1884"]
[BlackElo "2115"]
[WhiteFideId "-1"]
[BlackFideId "-1"]
[PlyCount "70"]
[GameId "549934665565"]
[EventDate "2025.09.14"]
[EventType "team-tourn"]
[EventRounds "9"]
[SourceTitle "Thueringer Schachbund"]
[Source "ThSB"]
[SourceDate "2025.09.14"]
[SourceVersion "1"]
[SourceVersionDate "2025.09.14"]
[SourceQuality "1"]
[WhiteTeam "ESV Lok Sömmerda"]
[BlackTeam "ESV Gera"]

{[%evp 0,70,58,5,5,-21,-29,-29,-14,-16,-11,-11,31,-7,-21,-20,-3,15,4,-30,5,-50,-55,-63,-27,-59,-70,-78,-4,-60,-36,-36,-10,-21,8,-79,-75,-39,-72,-137,-126,-93,-108,-108,-16,-65,-79,-142,-127,-127,-130,-130,-137,-195,-176,-231,-204,-210,-194,-193,-161,-208,-199,-248,-185,-177,-189,-267,-177,-235,-227,-467,-492]} 1. d4 Nf6 2. c4 e6 3. Nc3 Bb4 4. a3 Bxc3+ 5. bxc3 c5 6. d5 Qa5 7. Bb2 O-O 8. e3 d6 9. Bd3 Nbd7 10. Qc2 Nb6 11. e4 Re8 12. Ne2 exd5 13. exd5 Bg4 14. O-O Qa4 15. Rac1 Qxc2 16. Rxc2 Nfd7 17. f4 Re3 18. Nc1 g6 19. Rcf2 Bf5 20. Bxf5 gxf5 21. Ne2 Kg7 22. Bc1 Rd3 23. Rf3 Rxf3 24. Rxf3 Re8 25. Kf2 Nf6 26. h3 Ne4+ 27. Kf1 Nxc4 28. Rd3 Kf6 29. g4 a5 30. g5+ Kg6 31. Ng1 Ra8 32. Nf3 Kh5 33. Be3 Ra6 34. Bf2 Rb6 35. Rd1 Rb2 0-1

[Event "Landesklasse Ost 2025/26"]
[Site "?"]
[Date "2025.10.26"]
[Round "2.2"]
[White "Helmsdorf, Marius"]
[Black "Kalisch, Michael"]
[Result "0-1"]
[WhiteElo "2064"]
[BlackElo "2085"]
[WhiteFideId "-1"]
[BlackFideId "-1"]
[PlyCount "48"]
[GameId "549934665580"]
[EventDate "2025.09.14"]
[EventType "team-tourn"]
[EventRounds "9"]
[SourceTitle "Thueringer Schachbund"]
[Source "ThSB"]
[SourceDate "2025.09.14"]
[SourceVersion "1"]
[SourceVersionDate "2025.09.14"]
[SourceQuality "1"]
[WhiteTeam "ESV Gera"]
[BlackTeam "ESV Lok Sömmerda"]

{[%evp 0,48,16,5,13,13,25,-4,56,52,53,11,52,51,44,21,18,-10,-38,26,33,22,31,-54,43,42,28,20,19,19,77,36,37,-39,-120,-326,-132,-192,-258,-289,-258,-267,-174,-174,-58,-131,-126,-129,-126,-143,-134]} 1. d4 Nf6 2. Nc3 e6 3. e4 d5 4. Bg5 Be7 5. e5 Nfd7 6. h4 Nc6 7. Bxe7 Qxe7 8. Qg4 f5 9. Qf4 Nb6 10. O-O-O Bd7 11. g4 g6 12. gxf5 gxf5 13. Be2 O-O-O 14. Nf3 Na5 15. Rdg1 Nac4 16. Qh6 Nxb2 17. Nxd5 Nxd5 18. Kxb2 Qb4+ 19. Kc1 Qa3+ 20. Kd2 Qc3+ 21. Kd1 Nb4 22. Qd2 Qa1+ 23. Qc1 Qxa2 24. c3 Nd5 0-1

[Event "Landesklasse Ost 2025/26"]
[Site "?"]
[Date "2025.10.26"]
[Round "2.3"]
[White "Kühn, Martin"]
[Black "Puschendorf, Steffen"]
[Result "1/2-1/2"]
[WhiteElo "2025"]
[BlackElo "2023"]
[WhiteFideId "-1"]
[BlackFideId "-1"]
[PlyCount "82"]
[GameId "549934665581"]
[EventDate "2025.09.14"]
[EventType "team-tourn"]
[EventRounds "9"]
[SourceTitle "Thueringer Schachbund"]
[Source "ThSB"]
[SourceDate "2025.09.14"]
[SourceVersion "1"]
[SourceVersionDate "2025.09.14"]
[SourceQuality "1"]
[WhiteTeam "ESV Lok Sömmerda"]
[BlackTeam "ESV Gera"]

{[%evp 0,82,16,13,44,-21,9,23,23,-53,26,39,73,21,40,-54,-46,-86,-68,-71,-55,-62,-43,-33,-11,-44,-63,-82,-117,-127,-127,-127,-127,-127,-115,-114,-99,-106,-107,-151,-96,-105,-86,-75,36,28,35,24,-1,5,17,12,28,16,34,34,39,61,61,61,173,41,51,16,56,53,112,25,25,25,25,11,8,-17,-21,-16,-16,-18,-8,-8,-19,-19,-15,-23,-9]} 1. d4 e6 2. c4 b6 3. Nc3 Bb4 4. Qc2 f5 5. Nf3 Bb7 6. Bf4 Nf6 7. Ne5 O-O 8. f3 d6 9. Nd3 Bxc3+ 10. Qxc3 Nbd7 11. h4 Qe7 12. O-O-O Rae8 13. e3 e5 14. dxe5 dxe5 15. Bg5 e4 16. fxe4 Qxe4 17. Rh3 a5 18. Rg3 Nh5 19. Nf2 Qc6 20. Rh3 Ndf6 21. c5 b5 22. Qb3+ Kh8 23. Qxb5 Re5 24. Qxc6 Bxc6 25. Nd3 Rd5 26. Be2 h6 27. Bf3 Ne4 28. Bxh5 hxg5 29. hxg5 Nxg5 30. Rh4 Kg8 31. Bg6 Rfd8 32. Rdh1 Kf8 33. Rh8+ Ke7 34. Rxd8 Kxd8 35. Rd1 Ke7 36. Bh5 Bb5 37. Kc2 Ne4 38. Bf3 Bxd3+ 39. Rxd3 Rxc5+ 40. Kb3 Re5 41. Kc2 Rc5+ 1/2-1/2

[Event "Landesklasse Ost 2025/26"]
[Site "?"]
[Date "2025.10.26"]
[Round "2.4"]
[White "Hanmuradov, Ülwi"]
[Black "Siegemund, Joachim"]
[Result "1/2-1/2"]
[WhiteElo "1821"]
[BlackElo "1908"]
[WhiteFideId "-1"]
[BlackFideId "-1"]
[PlyCount "90"]
[GameId "549934665596"]
[EventDate "2025.09.14"]
[EventType "team-tourn"]
[EventRounds "9"]
[SourceTitle "Thueringer Schachbund"]
[Source "ThSB"]
[SourceDate "2025.09.14"]
[SourceVersion "1"]
[SourceVersionDate "2025.09.14"]
[SourceQuality "1"]
[WhiteTeam "ESV Gera"]
[BlackTeam "ESV Lok Sömmerda"]

{[%evp 0,90,50,13,16,-5,10,-7,12,5,14,14,14,-27,25,-4,-44,-36,22,22,15,-3,-10,-37,0,-16,4,-8,32,2,31,-13,-2,-35,-26,48,38,32,32,32,32,35,25,25,32,-10,9,9,9,-23,9,0,107,40,125,-153,-3,-14,-6,12,26,21,95,28,60,41,76,49,90,30,37,21,63,15,76,67,84,43,49,49,84,58,61,93,93,105,114,115,114,100,111,103,114]} 1. Nf3 d5 2. g3 Nf6 3. Bg2 g6 4. O-O Bg7 5. d4 O-O 6. c4 c6 7. a4 dxc4 8. Na3 Nbd7 9. Nxc4 Nb6 10. b3 Be6 11. Qc2 Bf5 12. Qd1 Qc8 13. Bb2 h6 14. Rc1 Qe6 15. Re1 Ne4 16. Nh4 Bh3 17. Nxb6 axb6 18. d5 cxd5 19. Bxg7 Kxg7 20. Bxh3 Qxh3 21. Qxd5 Nf6 22. Qg2 Qe6 23. Qxb7 Qxb3 24. Rb1 Qd5 25. Rxb6 Rxa4 26. Qxe7 Qd4 27. Rbb1 Re8 28. Qc7 Ne4 29. e3 Qd2 30. Rf1 Qd5 31. Rbd1 Qb3 32. Nf3 Qe6 33. Nd4 Qh3 34. Qf4 Ra6 35. Qc7 Nf6 36. Qb7 Raa8 37. Qg2 Qh5 38. Qf3 Qxf3 39. Nxf3 Re7 40. Rd2 Ne4 41. Rc2 Ra3 42. Nd4 Kf6 43. Rb1 Rd7 44. Rb6+ Kg7 45. Rb4 Nf6 1/2-1/2

[Event "Landesklasse Ost 2025/26"]
[Site "?"]
[Date "2025.10.26"]
[Round "2.5"]
[White "Weber, Jakob"]
[Black "Hilbig, Dieter"]
[Result "1-0"]
[WhiteElo "1581"]
[BlackElo "1790"]
[WhiteFideId "-1"]
[BlackFideId "-1"]
[PlyCount "139"]
[GameId "549934665597"]
[EventDate "2025.09.14"]
[EventType "team-tourn"]
[EventRounds "9"]
[SourceTitle "Thueringer Schachbund"]
[Source "ThSB"]
[SourceDate "2025.09.14"]
[SourceVersion "1"]
[SourceVersionDate "2025.09.14"]
[SourceQuality "1"]
[WhiteTeam "ESV Lok Sömmerda"]
[BlackTeam "ESV Gera"]

{[%evp 0,139,13,13,35,-17,55,37,14,26,19,37,14,-12,61,64,145,79,94,79,111,44,44,31,32,39,36,-9,43,-5,31,-15,-15,-104,-75,-100,-82,-110,-72,-74,-60,-59,-68,-62,-23,-64,-59,-71,-51,-102,-83,-83,14,-22,3,-17,-34,-37,-9,-2,7,15,22,22,14,-20,-28,-30,2,-53,-44,-38,-25,-56,-25,-29,-23,-41,-29,-29,-17,-17,-2,-8,-11,-11,-8,-10,-8,-5,30,-30,-34,-34,-6,-2,6,-23,11,0,34,39,84,84,94,96,117,76,132,127,127,59,243,243,243,259,270,294,295,294,346,314,338,330,341,312,335,366,415,354,319,257,264,156,232,211,278,389,389,475,507,550]} 1. d4 d5 2. Bf4 c6 3. c3 Bf5 4. e3 e6 5. Nf3 Bd6 6. Bg3 Bg4 7. Nbd2 f5 8. Qc2 Nf6 9. Ne5 Qc7 10. c4 Nbd7 11. Nxg4 fxg4 12. cxd5 exd5 13. Be2 g6 14. O-O-O O-O-O 15. Bxd6 Qxd6 16. f3 gxf3 17. gxf3 Rhe8 18. Qc3 Re7 19. Rde1 Kb8 20. Bd1 c5 21. Kb1 Rde8 22. Re2 Qb6 23. Nb3 cxd4 24. Qxd4 Qxd4 25. Nxd4 Ne5 26. Ba4 Rf8 27. Bc2 Nfd7 28. Rf1 Ref7 29. f4 Nc4 30. b3 Na3+ 31. Kb2 Nxc2 32. Kxc2 Re7 33. Kd2 Rfe8 34. Rfe1 Nf6 35. Kd3 Ne4 36. Nb5 Rc8 37. Rc2 Rxc2 38. Kxc2 a6 39. Nd4 Rc7+ 40. Kd3 Rc3+ 41. Ke2 Kc7 42. Rd1 Kd6 43. Kf3 Nc5 44. h4 Ne6 45. Ke2 Nxd4+ 46. Rxd4 Rc2+ 47. Rd2 Rc5 48. Kd3 Ke6 49. Kd4 b6 50. h5 Kf6 51. hxg6 Kxg6 52. Rg2+ Kf6 53. Rg5 Ra5 54. a4 Rc5 55. Rxd5 h5 56. Rd6+ Kf5 57. Rxb6 Rc1 58. Rxa6 Rd1+ 59. Kc3 Ke4 60. Rh6 Rc1+ 61. Kd2 Rh1 62. a5 Rh2+ 63. Kc3 Kxe3 64. a6 Kxf4 65. Kb4 Kg4 66. Rh8 Ra2 67. Kb5 Ra3 68. b4 h4 69. Kb6 h3 70. a7 1-0

[Event "Landesklasse Ost 2025/26"]
[Site "?"]
[Date "2025.10.26"]
[Round "2.6"]
[White "Kupper, Matthias"]
[Black "Schrödter, Sascha"]
[Result "1/2-1/2"]
[WhiteElo "1729"]
[BlackElo "1337"]
[WhiteFideId "-1"]
[BlackFideId "-1"]
[PlyCount "53"]
[GameId "549934665598"]
[EventDate "2025.09.14"]
[EventType "team-tourn"]
[EventRounds "9"]
[SourceTitle "Thueringer Schachbund"]
[Source "ThSB"]
[SourceDate "2025.09.14"]
[SourceVersion "1"]
[SourceVersionDate "2025.09.14"]
[SourceQuality "1"]
[WhiteTeam "ESV Gera"]
[BlackTeam "ESV Lok Sömmerda"]

{[%evp 0,53,25,16,39,40,61,15,15,-31,50,14,43,-16,-23,-36,-4,-8,6,23,39,-10,76,2,3,3,82,106,118,71,63,63,113,89,144,133,106,148,75,94,93,80,72,72,76,-13,-12,-9,-11,-14,-5,-5,0,-13,43,-15]} 1. e4 e5 2. Nf3 Nc6 3. Bc4 Nf6 4. d3 d6 5. O-O Be7 6. c3 a6 7. a4 h6 8. Be3 Na5 9. Ba2 Be6 10. Nbd2 Ng4 11. d4 Bxa2 12. Rxa2 f6 13. Nh4 h5 14. h3 Nxe3 15. fxe3 Qd7 16. d5 b6 17. Qe2 Nb7 18. b4 a5 19. Rf5 g5 20. Ng6 Rh6 21. Nxe7 Kxe7 22. b5 Nc5 23. Qc4 g4 24. h4 g3 25. Nb3 Rg8 26. Nxc5 dxc5 27. Qe2 1/2-1/2

[Event "Landesklasse Ost 2025/26"]
[Site "?"]
[Date "2025.10.26"]
[Round "2.7"]
[White "Loose, Helmut"]
[Black "Schmidt, Frank"]
[Result "0-1"]
[WhiteElo "1509"]
[BlackElo "1984"]
[WhiteFideId "-1"]
[BlackFideId "-1"]
[PlyCount "86"]
[GameId "549934665599"]
[EventDate "2025.09.14"]
[EventType "team-tourn"]
[EventRounds "9"]
[SourceTitle "Thueringer Schachbund"]
[Source "ThSB"]
[SourceDate "2025.09.14"]
[SourceVersion "1"]
[SourceVersionDate "2025.09.14"]
[SourceQuality "1"]
[WhiteTeam "ESV Lok Sömmerda"]
[BlackTeam "ESV Gera"]

{[%evp 0,86,13,13,13,-29,38,48,66,57,57,37,29,23,23,23,14,-53,-90,-90,-46,-46,-27,-23,7,-7,3,-29,-32,-59,-21,-82,-92,-92,-87,-95,-56,-62,-58,-54,-56,-49,-57,-67,-44,-75,-61,-97,-106,-124,-105,-122,-91,-111,-119,-117,-130,-129,-125,-167,-160,-175,-201,-201,-206,-205,-199,-186,-193,-213,-211,-211,-245,-238,-259,-257,-257,-258,-323,-405,-405,-405,-416,-486,-517,-522,-571,-618,-618]} 1. d4 Nf6 2. c4 g6 3. Nc3 Bg7 4. e4 d6 5. f3 O-O 6. Bd3 Nc6 7. Nge2 e5 8. Be3 Ng4 9. fxg4 exd4 10. Nxd4 Nxd4 11. O-O Be6 12. g5 Nc6 13. Qd2 Ne5 14. Nd5 Ng4 15. Nf6+ Nxf6 16. gxf6 Bxf6 17. Bh6 Bg7 18. Bxg7 Kxg7 19. Rf3 Qe7 20. Raf1 f6 21. Qc3 Rf7 22. Rg3 Raf8 23. h4 Bd7 24. h5 Qe5 25. Qxe5 dxe5 26. hxg6 hxg6 27. Be2 Rh8 28. c5 Bc6 29. Bc4 Rd7 30. Rd3 Rxd3 31. Bxd3 Rd8 32. Rf3 f5 33. Re3 f4 34. Rf3 Rd4 35. Kf2 g5 36. g4 Bd7 37. Be2 Bxg4 38. Rd3 Bxe2 39. Rxd4 exd4 40. Kxe2 Kf6 41. Kf3 Ke5 42. b4 d3 43. a4 g4+ 0-1

[Event "Landesklasse Ost 2025/26"]
[Site "?"]
[Date "2025.10.26"]
[Round "2.8"]
[White "Barz, Henrik"]
[Black "Vetter, Udo"]
[Result "1-0"]
[WhiteElo "1890"]
[BlackElo "1489"]
[WhiteFideId "-1"]
[BlackFideId "-1"]
[PlyCount "65"]
[GameId "549934665600"]
[EventDate "2025.09.14"]
[EventType "team-tourn"]
[EventRounds "9"]
[SourceTitle "Thueringer Schachbund"]
[Source "ThSB"]
[SourceDate "2025.09.14"]
[SourceVersion "1"]
[SourceVersionDate "2025.09.14"]
[SourceQuality "1"]
[WhiteTeam "ESV Gera"]
[BlackTeam "ESV Lok Sömmerda"]

{[%evp 0,65,13,13,54,84,100,49,17,64,112,85,101,106,116,109,109,55,67,30,82,-2,87,45,45,45,95,29,40,31,37,8,10,10,29,40,39,46,58,32,29,29,52,5,20,-29,15,28,42,28,59,43,64,41,53,46,48,15,90,92,167,142,526,535,1481,845,845,958]} 1. e4 c5 2. Nf3 Nc6 3. d4 cxd4 4. Nxd4 g6 5. Be3 Bg7 6. Nc3 d6 7. Bc4 Bd7 8. Qd2 Nf6 9. f3 a6 10. Nd5 b5 11. Nxf6+ Bxf6 12. Bd5 Qc7 13. c3 Rc8 14. Nxc6 Bxc6 15. Bd4 e5 16. Be3 O-O 17. Rd1 Rfd8 18. O-O Bg7 19. f4 Bxd5 20. Qxd5 Qc6 21. Qd3 Qc4 22. Qb1 Qc6 23. f5 f6 24. Rd5 g5 25. Qd1 Qc7 26. h4 h6 27. hxg5 hxg5 28. Kf2 Kf8 29. Rh1 Qf7 30. Rxd6 Qe7 31. Bc5 Ke8 32. Qh5+ Kf8 33. Rxd8+ 1-0

[Event "Landesklasse Ost 2025/26"]
[Site "?"]
[Date "2025.10.26"]
[Round "2.2"]
[White "Wentzel, Florian"]
[Black "Skarus, Steffen"]
[Result "1-0"]
[WhiteElo "2053"]
[BlackElo "1747"]
[WhiteFideId "-1"]
[BlackFideId "-1"]
[PlyCount "87"]
[GameId "2237244143005733"]
[EventDate "2025.09.14"]
[EventType "team-tourn"]
[EventRounds "9"]
[SourceTitle "Thueringer Schachbund"]
[Source "ThSB"]
[SourceDate "2025.09.14"]
[SourceVersion "1"]
[SourceVersionDate "2025.09.14"]
[SourceQuality "1"]
[WhiteTeam "TV 1887 Germania Hermsdorf"]
[BlackTeam "SV Schott Jena 2"]

{[%evp 0,87,26,8,34,72,110,87,140,70,74,62,80,64,64,70,69,39,39,6,32,9,44,39,70,30,50,28,29,32,32,32,30,27,43,14,51,51,80,55,54,51,26,30,79,61,93,93,117,117,126,87,89,102,113,111,119,126,128,85,85,66,66,66,73,62,77,69,65,56,52,26,27,33,52,44,55,49,173,181,572,613,613,620,620,631,29997,29998,29999,-30000]} 1. e4 d6 2. d4 c6 3. Nf3 Bg4 4. Be2 Nd7 5. O-O e5 6. Be3 Ngf6 7. Nbd2 Be7 8. c3 O-O 9. a4 a5 10. Qc2 Qc7 11. h3 Bh5 12. Bd3 Bg6 13. Nh4 d5 14. Nxg6 hxg6 15. dxe5 Nxe5 16. Be2 dxe4 17. Nxe4 Nxe4 18. Qxe4 Rfe8 19. Qc2 Rad8 20. Qb3 Nd7 21. Bc4 Rf8 22. Rad1 Nc5 23. Qc2 Kh7 24. Rxd8 Qxd8 25. b4 axb4 26. cxb4 Na6 27. b5 cxb5 28. axb5 Nc5 29. Bxc5 Bxc5 30. Bxf7 Rxf7 31. Qxc5 Rf5 32. Qb4 Qb6 33. Qh4+ Rh5 34. Qe4 Rxb5 35. Kh2 Rb4 36. Qe3 Qb5 37. Rd1 Rb3 38. Qe4 Rb2 39. Rd5 Qe2 40. Qh4+ Kg8 41. Rd8+ Kf7 42. Qf4+ Ke7 43. Qd6+ Kf7 44. Rf8# 1-0

[Event "Landesklasse Ost 2025/26"]
[Site "?"]
[Date "2025.10.26"]
[Round "2.3"]
[White "Jordan, Gunter"]
[Black "Moje, Hans-Jürgen"]
[Result "1/2-1/2"]
[WhiteElo "1800"]
[BlackElo "1800"]
[WhiteFideId "-1"]
[BlackFideId "-1"]
[PlyCount "36"]
[GameId "2237245674504232"]
[EventDate "2025.09.14"]
[EventType "team-tourn"]
[EventRounds "9"]
[SourceTitle "Thueringer Schachbund"]
[Source "ThSB"]
[SourceDate "2025.09.14"]
[SourceVersion "1"]
[SourceVersionDate "2025.09.14"]
[SourceQuality "1"]
[WhiteTeam "SV Schott Jena 2"]
[BlackTeam "TV 1887 Germania Hermsdorf"]

{[%evp 0,36,8,44,44,5,0,24,30,59,49,52,109,107,125,70,109,46,123,80,136,100,98,80,80,88,75,74,66,50,50,42,31,30,30,24,40,39,72]} 1. d4 Nf6 2. Bf4 e6 3. Nf3 b6 4. e3 Bb7 5. Bd3 c5 6. Nbd2 d5 7. c3 Be7 8. h3 a5 9. Bb5+ Kf8 10. Ne5 Ba6 11. Qe2 c4 12. Ba4 b5 13. Bc2 Nbd7 14. Nc6 Qb6 15. Nxe7 Kxe7 16. Nf3 h6 17. Ne5 g5 18. Bg3 Rag8 1/2-1/2

[Event "Landesklasse Ost 2025/26"]
[Site "?"]
[Date "2025.10.26"]
[Round "2.5"]
[White "Eichhorn, Mathilda"]
[Black "Pietsch, Karsten"]
[Result "1-0"]
[WhiteElo "1629"]
[BlackElo "1706"]
[WhiteFideId "-1"]
[BlackFideId "-1"]
[PlyCount "89"]
[GameId "2237246625779761"]
[EventDate "2025.09.14"]
[EventType "team-tourn"]
[EventRounds "9"]
[SourceTitle "Thueringer Schachbund"]
[Source "ThSB"]
[SourceDate "2025.09.14"]
[SourceVersion "1"]
[SourceVersionDate "2025.09.14"]
[SourceQuality "1"]
[WhiteTeam "SV Schott Jena 2"]
[BlackTeam "TV 1887 Germania Hermsdorf"]

{[%evp 0,89,44,13,20,40,55,15,15,-31,26,-12,-5,-38,33,11,6,-12,-10,-8,20,10,12,18,3,16,6,-30,-7,-13,18,3,63,59,60,60,76,47,77,-7,4,-22,-20,-103,69,29,194,105,180,185,223,121,245,188,188,182,184,178,184,166,150,111,149,151,169,107,106,100,157,102,201,212,212,210,297,245,224,255,259,274,286,279,371,315,296,296,262,262,304,258,29997,29998]} 1. e4 e5 2. Nf3 Nc6 3. Bc4 Nf6 4. d3 Bc5 5. Bg5 h6 6. Bh4 Be7 7. c3 d6 8. Nbd2 O-O 9. O-O Na5 10. Bb5 c6 11. Ba4 b5 12. Bc2 Be6 13. Nb3 Nb7 14. d4 Qc7 15. Bg3 Bg4 16. dxe5 Bxf3 17. Qxf3 dxe5 18. Qf5 Bd6 19. f4 Rae8 20. Bh4 Re6 21. Nd4 Bc5 22. fxe5 g6 23. Qf3 Nh7 24. Kh1 Ree8 25. Bf6 Nd8 26. Qe3 Nxf6 27. exf6 Kh7 28. Rae1 Re5 29. Qg3 Bd6 30. Qf3 Rh5 31. h3 Rg5 32. Ne2 Ne6 33. Nd4 Nf4 34. e5 Bxe5 35. Rxe5 Qxe5 36. Qxf4 Qd5 37. Nf3 Rh5 38. Bb3 Qf5 39. Qd6 Qc5 40. Qd7 Kg8 41. g4 Rxh3+ 42. Kg2 Rxf3 43. Rxf3 Qe5 44. Qd3 Re8 45. Qxg6+ 1-0

[Event "Landesklasse Ost 2025/26"]
[Site "?"]
[Date "2025.10.26"]
[Round "2.6"]
[White "Kretschmann, Ralph"]
[Black "Nageler, Laurenz"]
[Result "1-0"]
[WhiteElo "1402"]
[BlackElo "1600"]
[WhiteFideId "-1"]
[BlackFideId "-1"]
[PlyCount "93"]
[GameId "2237248147972148"]
[EventDate "2025.09.14"]
[EventType "team-tourn"]
[EventRounds "9"]
[SourceTitle "Thueringer Schachbund"]
[Source "ThSB"]
[SourceDate "2025.09.14"]
[SourceVersion "1"]
[SourceVersionDate "2025.09.14"]
[SourceQuality "1"]
[WhiteTeam "TV 1887 Germania Hermsdorf"]
[BlackTeam "SV Schott Jena 2"]

{[%evp 0,93,50,19,81,-11,18,-7,18,-21,32,15,51,11,4,-11,5,9,-1,-21,-11,-133,-133,-115,-111,-129,-136,-201,-210,-164,31,31,110,112,128,83,83,83,94,68,61,49,49,46,57,17,58,43,43,20,3,31,43,68,91,128,153,75,117,86,97,117,97,76,100,100,99,101,117,119,150,119,131,111,111,111,151,171,171,133,133,121,174,174,189,118,147,147,269,232,335,335,423,435,437,485]} 1. e4 c5 2. c3 d5 3. e5 Nc6 4. d4 cxd4 5. cxd4 Qb6 6. Nf3 Bg4 7. Nbd2 Qb4 8. a3 Bxf3 9. axb4 Bxd1 10. b5 Nxd4 11. Kxd1 e6 12. Ra4 Bc5 13. g4 Ne7 14. b3 Rc8 15. Bb2 Nxb3 16. Nxb3 Bxf2 17. Bd4 Bxd4 18. Nxd4 Ra8 19. Bd3 Ng6 20. Bxg6 hxg6 21. h4 Kd7 22. g5 Rhc8 23. Rf1 Ke7 24. Rf2 Rc4 25. Rxc4 dxc4 26. Kc2 Rd8 27. Kc3 Rc8 28. Kb4 c3 29. Rc2 f6 30. Nf3 a6 31. Rxc3 a5+ 32. Kb3 Rxc3+ 33. Kxc3 f5 34. Kb3 Kd7 35. Ka4 b6 36. Kb3 Ke8 37. Kc3 Kd7 38. Kd3 Kc7 39. Kd4 Kd7 40. Nd2 Kc7 41. Nc4 Kb7 42. Nd6+ Kb8 43. Ne8 Kc8 44. Nxg7 a4 45. Nxe6 Kd7 46. Nf4 Ke8 47. Kc4 1-0

[Event "Landesklasse Ost 2025/26"]
[Site "?"]
[Date "2025.10.26"]
[Round "2.1"]
[White "Besancon, Pascal"]
[Black "Röder, Bastian"]
[Result "1-0"]
[WhiteElo "1930"]
[BlackElo "1837"]
[WhiteFideId "-1"]
[BlackFideId "-1"]
[PlyCount "59"]
[GameId "549936222491"]
[EventDate "2025.09.14"]
[EventType "team-tourn"]
[EventRounds "9"]
[SourceTitle "Thueringer Schachbund"]
[Source "ThSB"]
[SourceDate "2025.09.14"]
[SourceVersion "1"]
[SourceVersionDate "2025.09.14"]
[SourceQuality "1"]
[WhiteTeam "Schachklub Weida"]
[BlackTeam "SC Rochade Zeulenroda"]

1. e4 e5 2. Nf3 Nc6 3. Bc4 Nf6 4. d3 h6 5. O-O Bc5 6. c3 d6 7. a4 a5 8. Qb3 O-O 9. Be3 Ba7 10. Bxa7 Rxa7 11. Nbd2 Qe7 12. Rfe1 Nh5 13. Nf1 Qf6 14. Ne3 Ne7 15. Rad1 Nf4 16. d4 Nh3+ 17. Kf1 c6 18. dxe5 dxe5 19. Qb6 Ra8 20. Qc5 Nf4 21. Qxe5 Neg6 22. Qxf6 gxf6 23. Rd6 Kg7 24. Nf5+ Bxf5 25. exf5 Nh8 26. Re4 Nd5 27. Bxd5 cxd5 28. Rxd5 Rfd8 29. Rxd8 Rxd8 30. Nd4 1-0

[Event "Landesklasse Ost 2025/26"]
[Site "?"]
[Date "2025.10.26"]
[Round "2.2"]
[White "Glock, Benjamin"]
[Black "Schlierf, Andre"]
[Result "1-0"]
[WhiteElo "1886"]
[BlackElo "1781"]
[WhiteFideId "-1"]
[BlackFideId "-1"]
[PlyCount "65"]
[GameId "549937135645"]
[EventDate "2025.09.14"]
[EventType "team-tourn"]
[EventRounds "9"]
[SourceTitle "Thueringer Schachbund"]
[Source "ThSB"]
[SourceDate "2025.09.14"]
[SourceVersion "1"]
[SourceVersionDate "2025.09.14"]
[SourceQuality "1"]
[WhiteTeam "SC Rochade Zeulenroda"]
[BlackTeam "Schachklub Weida"]

1. d4 f5 2. Nc3 Nf6 3. Bg5 d5 4. e3 e6 5. Bd3 Be7 6. Nf3 Nbd7 7. Ne2 Ne4 8. Bxe7 Qxe7 9. O-O O-O 10. c4 c6 11. Rb1 Kh8 12. b4 a6 13. Qb3 g5 14. Rb2 b5 15. cxd5 exd5 16. Qc2 Bb7 17. Nd2 Nb6 18. Nb3 Nc4 19. Bxc4 bxc4 20. Nc5 Bc8 21. g3 f4 22. exf4 gxf4 23. Nxe4 dxe4 24. Re1 f3 25. Nc3 Bf5 26. Qc1 Rae8 27. d5 Qf7 28. dxc6 Qg6 29. c7 Re5 30. Qf4 Rfe8 31. Rd2 Qf6 32. Rd8 Kg7 33. Nd5 1-0

[Event "Landesklasse Ost 2025/26"]
[Site "?"]
[Date "2025.10.26"]
[Round "2.3"]
[White "Künzel, Andre"]
[Black "Urinov, Bekzod"]
[Result "0-1"]
[WhiteElo "1944"]
[BlackElo "1979"]
[WhiteFideId "-1"]
[BlackFideId "-1"]
[PlyCount "92"]
[GameId "549941928535"]
[EventDate "2025.09.14"]
[EventType "team-tourn"]
[EventRounds "9"]
[SourceTitle "Thueringer Schachbund"]
[Source "ThSB"]
[SourceDate "2025.09.14"]
[SourceVersion "1"]
[SourceVersionDate "2025.09.14"]
[SourceQuality "1"]
[WhiteTeam "Schachklub Weida"]
[BlackTeam "SC Rochade Zeulenroda"]

1. d4 Nf6 2. Bf4 e6 3. e3 d5 4. Nf3 Be7 5. Bd3 Nbd7 6. h3 b6 7. O-O Bb7 8. Nbd2 O-O 9. a4 a5 10. Re1 c5 11. c3 Ne4 12. Qb1 f5 13. Bxe4 dxe4 14. Ne5 g5 15. Nxd7 Qxd7 16. Be5 Bd5 17. Qd1 Qe8 18. c4 Bc6 19. Qb3 cxd4 20. Bxd4 Bb4 21. Bc3 Bc5 22. Bd4 Rb8 23. Be5 Rd8 24. Nb1 Qh5 25. Nc3 g4 26. hxg4 Qxg4 27. Ne2 Rd3 28. Qc2 Bb4 29. Nc3 h5 30. Qe2 Qg6 31. Red1 h4 32. Qf1 Bxc3 33. bxc3 f4 34. Rxd3 exd3 35. exf4 h3 36. f3 Qg3 37. Ra2 Kf7 38. Qf2 Rg8 39. Qxg3 Rxg3 40. f5 Rxg2+ 41. Rxg2 hxg2 42. fxe6+ Kxe6 43. Bf4 Kf5 44. Be3 Bxf3 45. Kf2 Bc6 46. Bxb6 g1=Q+ 0-1